Paesi nel Mondo - Anagramma - Statistics

Statistiche generali
  • Questo quiz è stato fatto 86 volte
  • Il punteggio medio è 12 su 21
Statistiche sulle risposte
Anagramma Paese % Corretto
Aatml Malta
95%
Oogt Togo
95%
Ailati Italia
94%
Unads Sudan
85%
Itiubg Gibuti
76%
Cramooc Marocco
74%
Panags Spagna
74%
Taiteonl Lettonia
62%
Penagoip Giappone
61%
Laviobi Bolivia
58%
Reasbli Brasile
52%
Skinpata Pakistan
50%
Sroslabeiiu Bielorussia
44%
Rarodan Andorra
42%
Teoaiip Etiopia
41%
Inmegaira Germania
35%
Itaaarlsu Australia
32%
Agnovire Norvegia
32%
Craoued Ecuador
23%
Minanoars San Marino
23%
Ardange Grenada
21%
Nessun quiz corrispondente trovato
Distribuzione punteggi
Percentuale di utenti per punteggio
Percentile per numero di risposta
I tuoi punteggi nel tempo
Non hai fatto questo quiz